[Event "USA-ch"]
[Site "Greenville"]
[Date "1983.??.??"]
[Round "5"]
[White "Whitehead, Jay E"]
[Black "Dzindzichashvili, Roman"]
[Result "0-1"]
[WhiteElo "2325"]
[BlackElo "2460"]
[Annotator "Bulletin"]
[PlyCount "78"]
[EventDate "1983.07.??"]
[EventType "tourn"]
[EventRounds "13"]
[EventCountry "USA"]
[EventCategory "10"]
[SourceTitle "MCL"]
[Source "ChessBase"]
[SourceDate "1999.07.01"]
[SourceVersion "1"]
[SourceVersionDate "1999.07.01"]
[SourceQuality "1"]

1. d4 Nf6 2. c4 e6 3. Nf3 b6 4. a3 Bb7 5. Nc3 d5 6. cxd5 Nxd5 7. e3 (7. Qc2 Nd7
8. e4 Nxc3 9. bxc3 c5 10. Bd3 Qc7 11. Bb2 $5 cxd4 12. cxd4 Qxc2 13. Bxc2 Ba6
14. O-O-O $5) 7... Be7 8. Bb5+ c6 9. Bd3 Nxc3 10. bxc3 c5 11. O-O Nc6 12. Qe2
O-O 13. Bb2 Rc8 14. e4 cxd4 15. cxd4 Bf6 16. Rad1 Na5 (16... Nxd4 $2 17. Bxd4
Bxd4 18. Bb5 e5 19. Nxe5 Qe7 20. Nd7 $18) 17. Rfe1 (17. h4 Bxh4 18. g3) 17...
g6 (17... Bc6 $1 18. d5 Ba4 19. e5 Bxd1 20. Rxd1 (20. Qe4 $5) 20... Bh4) 18. h4
$1 {Portisch,L-Christiansen,L/London/1982/} Bc6 (18... Bxh4 $2 19. d5 $1 exd5
20. Qd2 $1 (20. Qe3 $6 Bf6 21. Qh6 d4 $1 22. Bxd4 Bxd4 23. Ng5 Bxf2+ 24. Kf1
Qxg5 25. Qxg5 Bxe1) (20. Nxh4 Qxh4 21. exd5 Qg5 $1) 20... Bf6 21. e5 Bg7 22. e6
fxe6 23. Bxg7 Kxg7 24. Nd4) (18... Bg7 $6 19. h5 Qe7 20. Qe3 a6 21. Rc1) 19.
Ba6 (19. d5 $1 exd5 (19... Ba4 20. e5 $1 Bxd1 21. Rxd1 Bg7 22. dxe6 Qe7 23.
exf7+ Rxf7 24. Ng5) (19... Bxb2 20. dxc6 Bc3 21. Ba6 Qc7 22. Bxc8 Bxe1 23. Bd7
Bc3 24. Rc1 $1 (24. e5 $2 Nxc6 25. Qc4 Rd8 $1 26. Rd6 Bxe5 $1 27. Rxc6 Rxd7 $1)
) 20. e5 Bg7 21. e6) 19... Ba4 $5 (19... Bb7 $1 20. Bxb7 Nxb7 21. Qa6 Na5 $1)
20. Bxc8 Bxd1 21. Rxd1 Qxc8 22. d5 $1 Bxb2 23. Qxb2 exd5 24. exd5 Qf5 $6 (24...
Nc4 $2 25. Qf6 (25. Qb4 a5) 25... Qd8) 25. d6 $1 Rd8 26. Qc3 $4 (26. h5 $1 Qxh5
$2 (26... Nc4 27. Qc3 $1 Nxd6 (27... Rxd6 28. Re1 $1 Qc8 29. h6 f6 30. Ng5 $1)
28. h6 f6 29. Qb3+ Kh8 30. Qe3 Qd7 31. Ng5 $1) (26... gxh5 $1 27. Ne5 $1) 27.
Qf6 Nc6 28. d7) 26... Nb7 27. Qc6 (27. d7 $2 Nc5 28. Ne5 Qe6 $1) (27. Qc7 Rd7 (
27... Qd7 $1) 28. Qc8+ Kg7 29. Nd4 Qh5 (29... Qg4 30. f3) 30. Ne6+ Kf6 31. Re1
$1) 27... Qd7 28. Ne5 Qxc6 29. Nxc6 Rxd6 30. Rxd6 (30. Rc1 $1 a6 31. Ne7+ Kg7
32. Nc8 $10) 30... Nxd6 31. Nxa7 Kg7 $1 32. Nc6 Kf6 33. a4 Nb7 $1 34. f4 Ke6
35. g4 Nc5 $1 36. a5 Kd6 37. Ne5 bxa5 38. Nc4+ (38. Nxf7+ Kd5) 38... Kc6 39.
Nxa5+ $4 Kb5 0-1

[Event "Oberliga Bayern 9495"]
[Site "Bayern"]
[Date "1995.??.??"]
[Round "?.3"]
[White "Grundherr, Martin"]
[Black "Menacher, Manfred"]
[Result "1-0"]
[WhiteElo "2320"]
[BlackElo "2320"]
[Annotator "Bulletin"]
[PlyCount "47"]
[EventDate "1994.10.09"]
[EventType "team-tourn"]
[EventRounds "9"]
[EventCountry "GER"]
[SourceTitle "EXT 1999"]
[Source "ChessBase"]
[SourceDate "1998.11.16"]
[SourceVersion "1"]
[SourceVersionDate "1998.11.16"]
[SourceQuality "1"]
[WhiteTeam "Pang/Rosenheim SG"]
[BlackTeam "Regensburg DJK"]
[WhiteTeamCountry "GER"]
[BlackTeamCountry "GER"]

1. d4 Nf6 2. c4 e6 3. Nf3 b6 4. a3 Ba6 5. Qc2 Bb7 6. Nc3 c5 7. e4 cxd4 8. Nxd4
Bc5 9. Qd3 (9. Nb3) (9. Nf3 Nc6 10. Bf4 Nh5 11. Bd2 a6 12. b4 $2 Bd6 $1 13. g3
Nf6 14. Be2 Rc8 {Timman-Polugaevski,Reykjavik 1987}) 9... Nc6 10. Nxc6 Bxc6 11.
b4 Be7 12. Be2 Qc7 13. O-O a5 14. Rb1 axb4 15. axb4 O-O 16. Rd1 d6 17. Bf4 Ra3
(17... Rfc8 18. Bxd6 Bxd6 19. Qxd6 Nxe4 $10) 18. Bxd6 Bxd6 19. Qxd6 Qb7 (19...
Qxd6 20. Rxd6 Nxe4 21. Nxe4 Bxe4 22. Rbd1 Ra2 23. Bf1 $16) 20. b5 $16 Rxc3 21.
bxc6 Qc8 22. Rxb6 Nxe4 23. Qe5 $1 f5 24. Rb7 1-0

[Event "Yerevan"]
[Site "Yerevan"]
[Date "1989.??.??"]
[Round "?"]
[White "Lputian, Smbat G"]
[Black "Romanishin, Oleg M"]
[Result "1-0"]
[WhiteElo "2610"]
[BlackElo "2555"]
[Annotator "Bulletin"]
[PlyCount "75"]
[EventDate "1989.05.??"]
[EventType "tourn"]
[EventRounds "11"]
[EventCountry "URS"]
[EventCategory "12"]
[SourceTitle "CBM 014"]
[Source "ChessBase"]
[SourceDate "1990.02.01"]
[SourceVersion "1"]
[SourceVersionDate "1990.02.01"]
[SourceQuality "1"]

1. d4 Nf6 2. c4 e6 3. Nf3 b6 4. Nc3 Bb7 5. a3 g6 6. Qc2 Bxf3 $6 7. gxf3 Bg7 8.
f4 Nc6 (8... O-O 9. Bg2 Nc6 10. e3 Na5 11. Ne2 d5 12. cxd5 exd5 13. O-O Qd7 14.
Bd2 Nc4 15. Bb4 Rfc8 16. b3 Nd6 17. Bxd6 Qxd6 18. Bh3 Re8 19. b4 $16) 9. e3 Ne7
10. Bg2 d5 11. cxd5 exd5 12. O-O O-O 13. Bh3 Ne8 14. Bd2 Nd6 15. Rac1 c6 16.
Ne2 a5 17. a4 Ra7 18. Rfd1 Re8 19. b4 Nc4 20. bxa5 bxa5 21. Qa2 Bf8 22. Rb1 Nc8
23. Nc1 N8d6 24. Nd3 Qh4 25. Bg2 Qh5 26. Ne5 Nxe5 27. fxe5 Nc4 28. Rdc1 Qg4 29.
h3 Qe6 30. Bf1 Nxd2 31. Qxd2 Bb4 32. Qe2 h5 33. Qf3 Rc7 {/\ ...c6-c5} 34. Rc2
Ree7 35. Rbc1 Ba3 36. Rd1 Kg7 37. e4 dxe4 $4 38. Qxa3 1-0

[Event "NED-ch51"]
[Site "Amsterdam"]
[Date "1996.06.09"]
[Round "3"]
[White "Piket, Jeroen"]
[Black "Van der Wiel, John"]
[Result "1/2-1/2"]
[WhiteElo "2570"]
[BlackElo "2535"]
[Annotator "Bykhovsky,Av"]
[PlyCount "39"]
[EventDate "1996.06.07"]
[EventType "tourn"]
[EventRounds "11"]
[EventCountry "NED"]
[EventCategory "11"]
[SourceTitle "CBM 054"]
[Source "ChessBase"]
[SourceDate "1996.10.01"]
[SourceVersion "1"]
[SourceVersionDate "1996.10.01"]
[SourceQuality "1"]

1. d4 Nf6 2. c4 e6 3. Nf3 b6 4. a3 Bb7 5. Nc3 d5 6. Qc2 Be7 7. cxd5 Nxd5 8. e4
(8. Bd2 $5 Nd7 9. e4 N5f6 10. Rd1 c5 11. d5 exd5 12. exd5 Bd6 13. Be2 O-O 14.
O-O $14 {Vyzmanavin,A-Mitenkov,A/Elista/1995/1:0/39/}) 8... Nxc3 9. bxc3 O-O
10. Bd3 c5 11. O-O Qc8 12. Qe2 Ba6 13. Bf4 Bxd3 14. Qxd3 Rd8 15. d5 $5 {N/} (
15. Qe3 Nc6 16. Rfd1 Na5 17. h4 Nc4 18. Qe2 cxd4 19. cxd4 Bxa3 20. Nd2 Nxd2 21.
Rxa3 Nc4 22. Rg3 $13 {Arbakov,V-Levin,F/Berlin/1:0/31/}) 15... c4 16. Qe2 exd5
17. exd5 Bf6 18. d6 Qf5 19. Bg3 Nd7 20. Qxc4 (20. Qxc4 Rdc8 21. Qa6 Bxc3 $10)
1/2-1/2

[Event "Seville op 41st"]
[Site "Seville"]
[Date "2016.01.16"]
[Round "9.2"]
[White "Vorobiov, Evgeny E"]
[Black "Fernandez Romero, Ernesto"]
[Result "1-0"]
[WhiteElo "2572"]
[BlackElo "2475"]
[Annotator "CB"]
[PlyCount "87"]
[EventDate "2016.01.08"]
[EventType "swiss"]
[EventRounds "9"]
[EventCountry "ESP"]
[SourceTitle "CBM 170 Extra"]
[Source "ChessBase"]
[SourceDate "2016.02.25"]
[SourceVersion "1"]
[SourceVersionDate "2016.02.25"]
[SourceQuality "1"]

1. d4 Nf6 2. c4 e6 3. Nf3 b6 4. a3 Bb7 5. Nc3 g6 6. Qc2 d5 7. cxd5 exd5 8. Bf4
c6 9. e4 dxe4 10. Nxe4 Nxe4 11. Qxe4+ Qe7 12. Bd3 Nd7 13. O-O Nf6 14. Qe1 Nd5
15. Qd2 Qd8 16. Rfe1+ Be7 17. Bc4 O-O 18. Bxd5 cxd5 19. Rac1 Rc8 20. Rxc8 Bxc8
21. Qe3 {Diagrama [#]} Bf6 $6 {Diagrama [#]} (21... Re8 $11) 22. Be5 {Buscando
un medio juego con un Cf3 superior al Ac8} Bf5 $2 ({era necesario} 22... Bg7
23. Bxg7 Kxg7 24. Qe5+ Kg8) 23. Qh6 $18 {resulta que la amenaza Cg5 para dar
mate en h7 o g7 no tiene defensa} Bxe5 24. Ng5 Qxg5 25. Qxg5 Bxd4 26. Qd2 Bf6
27. Qxd5 Bxb2 28. a4 Rc8 29. h4 Bf6 30. g3 Kg7 31. Rd1 {No se puede construir
un kunker porque tarde o temprano el blanco entregará la torre contra un
alfil o entrará por la 8ª o la 7ª} Rc5 32. Qd6 Rc4 33. a5 bxa5 34. Qa6 Ra4
35. Qxa7 Ra2 36. Re1 {Diagrama [#] Listo pata Te8 y Dc5 o para TxAe6} a4 37.
Re8 h5 38. Qc5 Kh7 39. Qf8 Be6 40. Rxe6 fxe6 41. Qxf6 a3 42. Qxe6 Ra1+ 43. Kg2
Kh6 44. Qg8 1-0

[Event "Candidates sf"]
[Site "Elista"]
[Date "2007.06.01"]
[Round "1.5"]
[White "Carlsen, Magnus"]
[Black "Aronian, Levon"]
[Result "1-0"]
[WhiteElo "2693"]
[BlackElo "2759"]
[Annotator "Carlsen,M"]
[PlyCount "97"]
[EventDate "2007.05.27"]
[EventType "k.o."]
[EventRounds "12"]
[EventCountry "RUS"]
[SourceTitle "CBM 119"]
[Source "ChessBase"]
[SourceDate "2007.08.01"]
[SourceVersion "1"]
[SourceVersionDate "2007.08.01"]
[SourceQuality "1"]

{After losing the 4th game in a terrible way I was essentially in a must-win
situation in this game.  Nachdem ich die 4. Partie auf schreckliche Weise
verloren hatte, war ich in dieser Partie im Grunde zum Siegen verdonnert.} 1.
d4 Nf6 2. c4 e6 3. Nf3 b6 4. a3 Bb7 5. Nc3 d5 6. cxd5 Nxd5 7. Qc2 Be7 8. e4
Nxc3 9. bxc3 {Since I fared so well with this structure in the 3rd game I felt
that it might be an idea to try and get the same structure again. Da ich mit
dieser Struktur in der 3. Partie so gut gefahren war, hatte ich das Gefühl, es
wäre vielleicht eine Idee zu versuchen, selbige noch einmal zu bekommen.} O-O
10. Bd3 c5 11. O-O Qc7 (11... Qc8 {intending Ba6 is a more solid alternative.
mit der Absicht Ba6 ist eine solidere Alternative.}) 12. Qe2 Nd7 13. Bb2 (13.
e5 {is the main alternative and was played in Gelfand-Carlsen, Biel 05, but
white didn't get much of an advantage there. ist die Hauptalternative und
wurde in Gelfand-Carlsen, Biel 05, gespielt, allerdings holte Weiß dort keinen
besonderen Vorteil heraus.}) 13... c4 14. Bc2 b5 15. Bc1 {I hadn't devoted so
much time to c4 during my preparation, and this move was found over the board.
The idea is however very logical. Der Fortsetzung ...c4 hatte ich während
meiner Vorbereitung nicht so viel Zeit gewidmet, und dieser Zug wurde am Brett
gefunden. Die Idee ist allerdings sehr logisch.} a5 16. Rb1 Ba6 $6 (16... b4 $1
{was the logical follow-up. After war die logische Folge. Nach} 17. axb4 axb4
18. cxb4 Ra2 {Black has very reasonable compensation. White should probably
play hat Schwarz sehr ordentliche Kompensation. Weiß sollte wahrscheinlich} 19.
Bg5 {with a double-edged game. ziehen mit zweischneidigem Spiel.}) 17. e5 b4 $2
{This has to be considered a mistake, but even after e.g. Dies muss man als
Fehler sehen, doch auch nach z.B.} (17... Rfe8 18. Ng5 Nf8 19. Qh5 Bxg5 20.
Bxg5 {White is better, as Black has little counterplay. steht Weiß besser, da
Schwarz wenig Gegenspiel hat.}) (17... Rfb8 18. d5 $5 $40) 18. axb4 axb4 19.
Bg5 $6 (19. Rxb4 $1 {winning a clear pawn was better. , was einen klaren
Bauern gewinnt, war besser.} Bxb4 20. Bxh7+ Kxh7 (20... Kh8 {is better but
insufficient: ist besser, aber unzureichend:} 21. Ng5 g6 22. Qf3 $1 Kg7 23.
Bxg6 $1 $18) 21. Ng5+ Kg8 (21... Kg6 22. Qe4+ f5 23. exf6+ Kxf6 (23... Kh5 24.
Qh7+ Kg4 25. h3#) 24. Qxe6#) 22. Qh5 Rfe8 23. Qxf7+ {I saw this far, but after
considering moves like cxb4 for a short while, I decided that there was no
more than a perpetual. But White has the simple yet elegant So weit hatte ich
gesehen, doch nach dem kurzen Erwägen von Zügen wie cxb4 beschloss ich, dass
es nicht mehr als Dauerschach gibt. Doch Weiß hat das einfache, aber elegante}
Kh8 24. Re1 $1 {when there is no other defence against Re3-h3 than Nf8 or Nxe5,
giving up the queen and leaving White with a completely winning position.
wonach gegen Re3-h3 keine andere Verteidigung vorhanden ist als Nf8 oder Nxe5,
was die Dame gibt und Weiß eine komplette Gewinnstellung überlässt.}) 19... Nb6
20. Qe4 g6 21. Qh4 Ra7 {This is the kind of position where White must have
something, but after considering moves like Rxb4 for a while, I got so
confused that I decided to play it safe. Dies ist die Art von Stellung, wo
Weiß etwas haben muss, doch nachdem ich eine Zeit lang an Zügen wie Rxb4
überlegt hatte, wurde ich so verwirrt, dass ich beschloss, auf Nummer sicher
zu gehen.} 22. Bf6 $6 (22. Rxb4 Bxb4 (22... Nd5 {I thought that Black could
probably defend here, but now I cannot really imagine how... Ich dachte, dass
Schwarz sich hier wahrscheinlich verteidigen könnte, jetzt aber kann ich mir
nicht wirklich vorstellen wie...} 23. Ra4 $16) 23. Bf6 Rb8 24. cxb4 {with a
decisive-looking attack. mit entscheidend wirkendem Angriff.} (24. Ng5 h5 25.
Bxg6 fxg6 26. Qe4 Qf7 27. Nxf7 Kxf7 28. cxb4 Nd5 {is less clear. ist weniger
klar.})) 22... Bxf6 23. exf6 Nd5 24. Be4 Qf4 25. Bxd5 Qxh4 26. Nxh4 exd5 27.
Rxb4 {Luckily, my advantage is still very big, and I was convinced that I
would be able to convert it in the end. Zum Glück ist mein Vorteil noch immer
sehr groß, und ich war überzeugt, ihn am Ende verwerten zu können.} Bc8 28. Rb6
{This move is nessecary in order to prevent Ra6. Dieser Zug ist nötig, um Ra6
zu verhindern.} Ra3 29. Rc1 Be6 30. Nf3 Rfa8 31. h4 h6 32. Ne5 Ra1 {The only
chance. Die einzige Chance.} 33. Rxa1 $1 {I calculated for a while and came to
the conclusion that White is winning, but my calculation wasn't entirely
accurate. Ich rechnete eine Weile und kam zu dem Schluss, dass Weiß gewinnt,
allerdings war meine Berechnung nicht ganz genau.} (33. Rbb1 {is a move I
considered for a while, but I was a bit worried about ist ein Zug, an dem ich
eine Weile überlegte, aber ich machte mir ein bisschen Sorgen wegen} R1a3 $1 (
33... Rxb1 34. Rxb1 Ra3 35. Rc1 {is worse - White protects c3 and will have
all the time in the world to improve his position. ist schlechter - Weiß deckt
c3 und wird alle Zeit der Welt haben, seine Stellung zu verbessern.})) 33...
Rxa1+ 34. Kh2 Ra3 35. Rb8+ Kh7 36. f4 $1 {A not very obvious move, but the
only winning one. Nicht sehr offensichtlich, aber der einzige Gewinnzug.} (36.
Rf8 {This obvious move doesn't give White a winning advantage: Dieser
offensichtliche Zug gibt Weiß keinen Gewinnvorteil:} Rxc3 37. Nxf7 Bxf7 38.
Rxf7+ Kg8 39. Rg7+ (39. Rd7 Rd3 40. Rxd5 Kf7 $14) 39... Kf8 40. Rxg6 Rd3 {
is not better for White anymore. ist nicht mehr besser für Weiß.}) 36... Rxc3
37. h5 gxh5 38. Rf8 {Now the point of f4 is clear. White will get a passed
pawn on f6, which is supported by a very strong knight and will lead to a
decisive gain of material. Nun ist die Pointe von f4 klar. Weiß wird einen
Freibauern auf f6 erhalten, der von einem bärenstarken Springer gestützt ist
und zu entscheidendem Materialgewinn führen wird.} Ra3 39. f5 Bxf5 40. Rxf7+
Kg8 {I had seen this far when I went for Rxa1, but I had to stop and think
here, as White at first doesn't seem to have anything better than perpetual
check. However, I quickly found the winning idea.  So weit hatte ich bei 32.
Rxa1 gesehen, doch hier musste ich einhalten und überlegen, da Weiß auf den
ersten Blick nicht mehr als Dauerschach zu haben scheint. Doch schnell fand
ich die Gewinnidee.} 41. Rg7+ Kf8 42. Rb7 Ra8 43. Kg3 $1 {The king is included
in the game with lethal effect. The poor black bishop is forced away from f5,
which is the only square where it protects the crucial squares d7 and g6. Der
König wird mit tödlicher Wirkung ins Spiel eingeschaltet. Der arme schwarze
Läufer wird von f5 vertrieben, welches das einzige Feld ist, wo er die
kritischen Felder d7 und g6 schützt.} Rd8 (43... c3 {is one move too late:
kommt einen Zug zu spät:} 44. Kf4 c2 45. Kxf5 c1=Q 46. Ng6+ Ke8 (46... Kg8 47.
Rg7#) 47. f7+ Kd8 48. f8=Q#) 44. Kf4 Be4 45. g3 {The simplest for a human
being. Für einen Menschen am einfachsten.} (45. Nf7 $1 {followed by Nxh6 and
Rg7-g8 is better, but the text is much simpler. nebst Nxh6 und Rg7-g8 ist
besser, doch der Text ist viel simpler.}) 45... c3 46. Rf7+ Kg8 47. Rg7+ Kf8
48. Nd7+ Rxd7 49. Rxd7 {The c-pawn is stopped and there is no stopping the
f6-pawn. This was obviously a very important win for me, and actually achieved
quite smoothly. It has to be said, however, that this wasn't Levon's best day.
Der c-Bauer wird gestoppt, und der f6-Bauer ist nicht aufzuhalten. Dies war
offensichtlich ein sehr wichtiger Sieg für mich, und er wurde eigentlich recht
glatt errrungen. Allerdings muss gesagt werden, dass Levon nicht seinen besten
Tag hatte.} 1-0

[Event "Isle of Lewis"]
[Site "Isle of Lewis"]
[Date "1995.??.??"]
[Round "1"]
[White "Motwani, Paul"]
[Black "Agdestein, Simen"]
[Result "1/2-1/2"]
[WhiteElo "2510"]
[BlackElo "2600"]
[Annotator "Chandler,M"]
[PlyCount "90"]
[EventDate "1995.??.??"]
[EventType "tourn"]
[EventRounds "6"]
[EventCountry "SCO"]
[EventCategory "14"]
[SourceTitle "CBM 049"]
[Source "ChessBase"]
[SourceDate "1995.12.01"]
[SourceVersion "1"]
[SourceVersionDate "1995.12.01"]
[SourceQuality "1"]

1. Nf3 Nf6 2. c4 e6 3. d4 b6 4. a3 Bb7 5. Nc3 d5 6. Bg5 Be7 7. Qa4+ c6 (7...
Bc6 8. Qc2 {/\Ne5} Bb7 9. cxd5 Nxd5 10. Bxe7 Qxe7 11. Nxd5 exd5 12. Rc1 c6 13.
e3 Nd7 14. Bd3 g6 15. h4 h6 16. h5 g5 17. Bf5 f6 18. Nh2 Rc8 19. Ng4 Rc7 20.
Bxd7+ Rxd7 21. Qg6+ Kd8 22. Qxf6 Qxf6 23. Nxf6 {Chernosvitov,A-Tomic,D/
Dortmund op-A (05) ;TD 93\06 1993/1-0 (49)}) (7... Qd7 8. Qc2 $1 {/\Ne5}) (7...
Nbd7 8. Bxf6 $1 Bxf6 9. cxd5 exd5 10. g3 O-O 11. Bh3 $14 c6 $2 12. Nxd5 $18) 8.
Bxf6 Bxf6 9. e4 dxc4 (9... dxe4 $5 10. Nxe4 Bxd4 11. O-O-O e5 12. c5 (12. Nxe5
O-O 13. Nf3 c5 14. Ng3 Qf6 $36) 12... bxc5 13. Nxd4 exd4 14. Qc2 O-O 15. Qxc5
$13) 10. Qxc4 O-O 11. Rd1 Nd7 (11... Ba6 12. Qa4 Bxf1 13. Kxf1 {/\g3,Kg2}) 12.
e5 Be7 13. Bd3 Qb8 $1 {/\c5} 14. Be4 a5 15. Qd3 h6 16. Qe3 b5 17. O-O Rc8 (
17... b4 $142 18. Na4 Ba6 19. Rfe1 (19. Bxc6 $2 Bxf1 20. Bxa8 Bb5 $17) 19...
Qb5 20. Bc2 Rfd8 $13) 18. Ne2 c5 19. d5 exd5 20. Bxd5 Bxd5 21. Rxd5 Nb6 22.
Rdd1 Nc4 23. Qc3 a4 24. Nf4 $6 Re8 (24... Bd8 $142 25. Rd5 Ba5 26. Qc2 Ra7 $13)
25. Rd7 Nb6 26. Rdd1 Bf8 27. Rfe1 b4 28. Qc1 c4 29. axb4 (29. e6 $142 $1 c3 30.
exf7+ Kxf7 31. Rxe8 Qxe8 32. axb4 Bxb4 33. bxc3 $16) 29... Bxb4 30. Re4 Qb7 31.
Qc2 Rad8 32. Red4 Rxd4 33. Rxd4 Bc5 34. Rd1 Qc6 $2 (34... a3 $142 35. bxa3 Bxa3
36. e6 fxe6 37. Qg6 Qe7 $13) 35. e6 $1 Qc7 (35... fxe6 $2 36. Qg6 $1 Qc8 (36...
Bf8 37. Nh5 Nd5 38. Ne5 $18) 37. Nh5 Re7 38. Ne5 Nd5 39. Rxd5 $1 exd5 40. Nf6+
Kf8 41. Qf7+ $1 Rxf7 42. Ng6#) 36. Qf5 {/\ef7, Rd7} f6 37. Nh5 Kh8 38. Qg6 Rg8
39. Nh4 Nc8 (39... Qe5 40. Qc2 $1 Qxh5 41. Ng6+ Kh7 42. Nf8+ Kh8 43. Qh7#) 40.
Qe4 $2 (40. Nxf6 $142 $1 gxf6 41. Rd7 Qxh2+ 42. Kxh2 Rxg6 43. Nxg6+ $18) (40.
Qf7 $142 $1 Ne7 (40... Qxf7 41. exf7 Rf8 42. Ng6+ $18) 41. Ng6+ Kh7 42. Nxf6#)
40... Ne7 41. Rd7 Qa5 42. Rxe7 f5 43. Nxf5 (43. Qe5 $142 $1 Bxf2+ 44. Kxf2 Qxe5
45. Ng6+ $18) 43... Bxe7 $2 (43... Qd2 $1 44. Qb1 Qxf2+ 45. Kh1 Bxe7 46. Nxe7
Rb8 47. Ng6+ (47. Nf4 g5 48. Neg6+ Kg8 49. Ne5 Qxf4 50. Nd7 Rf8 51. Qg6+ Kh8
52. Qxh6+ Kg8 53. Qg6+ Kh8 $10) 47... Kg8 48. Ne7+ Kf8 49. Ng6+ $13 Kg8 50. Qd1
Qxb2 51. e7 Kf7 52. Qd5+ Kxg6 53. Nf4+ Kh7 54. Qe4+ Kg8 55. e8=Q+ Rxe8 56.
Qxe8+ Kh7 57. Qe4+ Kh8 58. Ng6+ Kg8 59. Qxc4+ $14) 44. Nxe7 Re8 45. Ng6+ (45.
Nf4 $142 $18 Rxe7 46. Ng6+) 45... Kg8 1/2-1/2